Modified Anti-theft System for Motorcycle (Record no. 85918)
[ view plain ]
| 000 -LEADER | |
|---|---|
| fixed length control field | 03244nam a22003017a 4500 |
| 003 - CONTROL NUMBER IDENTIFIER | |
| control field | URS |
| 005 - DATE AND TIME OF LATEST TRANSACTION | |
| control field | 20251023135211.0 |
| 008 - FIXED-LENGTH DATA ELEMENTS--GENERAL INFORMATION | |
| fixed length control field | 250904b ||||| |||| 00| 0 eng d |
| 040 ## - CATALOGING SOURCE | |
| Transcribing agency | URS |
| 043 ## - GEOGRAPHIC AREA CODE | |
| Geographic area code | URS |
| 245 ## - TITLE STATEMENT | |
| Title | Modified Anti-theft System for Motorcycle |
| Remainder of title | / Perciva, Jerald Dave A.... [et al.]. |
| 260 ## - PUBLICATION, DISTRIBUTION, ETC. | |
| Date of publication, distribution, etc. | April 2024 |
| 300 ## - PHYSICAL DESCRIPTION | |
| Extent | 78 leaves : |
| Other physical details | illustrations ; |
| Dimensions | 28 cm. |
| 336 ## - CONTENT TYPE | |
| Source | rdacontent |
| Content type term | text |
| 337 ## - MEDIA TYPE | |
| Source | rdamedia |
| Media type term | unmediated |
| 338 ## - CARRIER TYPE | |
| Source | rdacarrier |
| Carrier type term | volume |
| 502 ## - DISSERTATION NOTE | |
| Dissertation note | Thesis |
| Degree type | Bachelor of Technology Major in Electronics Technology |
| Name of granting institution | University of Rizal System-Morong |
| Year degree granted | 2024 |
| 520 ## - SUMMARY, ETC. | |
| Summary, etc. | EXECUTIVE SUMMARY: The study aimed to Modified Anti-Theft System for Motorcycle. It attempted to design and construct the device and through try-out and revisions made, the project reached its functional output and attained the project’s objectives. Likewise, it aimed to determine the level of performance of the Modified Anti-Theft System for Motorcycle in terms of sensitivity and accuracy. Lastly it determined the level of acceptability of the Modified Anti-Theft System for Motorcycle in terms of design, functionality, usefulness, safety and maintainability. The study was conducted at the University of Rizal System Morong Campus during the first semester of the School Year 2022 up to the second semester of the School Year 2022-2023. The respondents include five (5) experts and twenty-five (25) end-users. The researchers used a questionnaire-checklist as evaluated using a five-point scale and its corresponding verbal interpretation. The research methods used in this study were descriptive, developmental and experimental. The Modified Anti-Theft System for Motorcycle was developed using materials that are locally available with reasonable priced. On the try-out and revision, researchers had gone several trials where some errors are found and made an opposite revision to achieve its expected output. The level of performance of Modified Anti-Theft System for Motorcycle in terms of sensitivity and accuracy was extremely sensitive and very accurate. Likewise, the level of acceptability of Modified Anti-Theft System for Motorcycle in terms of design, functionality, usefulness, safety and maintainability was extremely acceptable based on the evaluations made by the respondents. The study concluded that the developed Modified Anti-Theft System for Motorcycle was extremely sensitive and very accurate enough to meet standards. In terms of design, functionality, usefulness, safety and maintainability, it has also been determined to be extremely accepted by the respondents. The study recommends further study focusing on other features of the device and considering other variables. |
| 700 ## - ADDED ENTRY--PERSONAL NAME | |
| Personal name | Perciva, Jerald Dave A. |
| Relator term | auhtor |
| 700 ## - ADDED ENTRY--PERSONAL NAME | |
| Personal name | Amido, Christian Jay R. |
| Relator term | author |
| 700 ## - ADDED ENTRY--PERSONAL NAME | |
| Personal name | Raymundo, Mark Jayson B. |
| Relator term | author |
| 700 ## - ADDED ENTRY--PERSONAL NAME | |
| Personal name | Del Rosario, Lourenz Ardie SJ. |
| Relator term | author |
| 700 ## - ADDED ENTRY--PERSONAL NAME | |
| Personal name | Arcega, Joshua D. |
| Relator term | author |
| 700 ## - ADDED ENTRY--PERSONAL NAME | |
| Personal name | Naraja, Ricardo V. |
| Relator term | degree supervisor |
| 856 ## - ELECTRONIC LOCATION AND ACCESS | |
| Materials specified | Online Request for Student Unpublished Works |
| Uniform Resource Identifier | <a href="https://forms.gle/7LqvGGkaDrUQqz429">https://forms.gle/7LqvGGkaDrUQqz429</a> |
| 856 ## - ELECTRONIC LOCATION AND ACCESS | |
| Uniform Resource Identifier | <a href="https://drive.google.com/file/d/1nJSASqBU2zY3yOGQYgjnZ04m3KqbfCo4/view?usp=drive_link">https://drive.google.com/file/d/1nJSASqBU2zY3yOGQYgjnZ04m3KqbfCo4/view?usp=drive_link</a> |
| 942 ## - ADDED ENTRY ELEMENTS (KOHA) | |
| Source of classification or shelving scheme | Library of Congress Classification |
| Koha item type | Theses and dissertations |
| Withdrawn status | Source of classification or shelving scheme | Damaged status | Not for loan | Collection code | Home library | Current library | Date acquired | Total Checkouts | Barcode | Date last seen | Price effective from | Koha item type |
|---|---|---|---|---|---|---|---|---|---|---|---|---|
| Library of Congress Classification | Reference | Morong College Library | Morong College Library | 09/04/2025 | URSMOR-CL-6746 | 09/04/2025 | 09/04/2025 | Theses and dissertations |